| 000 | 00363nam a22001457a 4500 | ||
|---|---|---|---|
| 020 | _a0-07-023293-8 | ||
| 082 | _a621.3 GIL'E | ||
| 100 |
_aGILLI, A. C _975628 |
||
| 245 | _aELECTRICAL PRINCIPLES FOR ELECTRONICS | ||
| 250 | _a3rd | ||
| 260 |
_aNEWYORK _bMCGRAW HILL _c1978 |
||
| 300 | _a489P | ||
| 650 |
_aELECTRIC ENGINEERING ELECTRONICS _961412 |
||
| 942 | _cBK | ||
| 999 |
_c581021 _d581021 |
||